Thực hành viễn thám
MT070 Cơ sở viễn thám
Kaydedildi:
| Yazar: | |
|---|---|
| Diğer Yazarlar: | |
| Materyal Türü: | Kitap |
| Dil: | Undetermined |
| Baskı/Yayın Bilgisi: |
Tp.HCM
Đại học quốc gia Tp.HCM
2006
|
| Konular: | |
| Online Erişim: | http://lrc.tdmu.edu.vn/opac/search/detail.asp?aID=2&ID=3418 |
| Etiketler: |
Etiketle
Etiket eklenmemiş, İlk siz ekleyin!
|
| Thư viện lưu trữ: | Trung tâm Học liệu Trường Đại học Thủ Dầu Một |
|---|
| LEADER | 00728nam a2200217Ia 4500 | ||
|---|---|---|---|
| 001 | TDMU_3418 | ||
| 008 | 210410s9999 xx 000 0 und d | ||
| 082 | |a 621.382 | ||
| 090 | |b L46 | ||
| 100 | |a Lê, Văn Trung | ||
| 245 | 0 | |a Thực hành viễn thám | |
| 245 | 0 | |c Lê Văn Trung, Lâm Đạo Nguyên, Phạm Bách Việt | |
| 260 | |a Tp.HCM | ||
| 260 | |b Đại học quốc gia Tp.HCM | ||
| 260 | |c 2006 | ||
| 300 | |a 247tr. | ||
| 520 | |a MT070 Cơ sở viễn thám | ||
| 650 | |a Viễn thám |v Thực hành | ||
| 700 | |a Lâm, Đạo Nguyên | ||
| 856 | |u http://lrc.tdmu.edu.vn/opac/search/detail.asp?aID=2&ID=3418 | ||
| 980 | |a Trung tâm Học liệu Trường Đại học Thủ Dầu Một | ||